000 00343nam a2200133Ia 4500
008 240624s9999 xx 000 0 und d
041 _aeng
082 _a174.4 FER
100 _aFERNANDO A C
245 _aBUSINESS ETHICS AND CORPORATE GOVERNANCE
260 _c2012
_aNew Delhi
_bPearson
300 _axii, : 450 : p. : cm. ; 28
365 _cRS
999 _c20422
_d20422